000
00301nam a22001337a 4500
008
181107b xxu||||| |||| 00| 0 eng d
020
_a
9780521805391
041
_a
eng
080
_a
540
100
_a
12
101
_a
KIM
245
_a
Chemistry and Life Science
_c
Thompson,J.M.T
942
_2
udc
_c
BK
999
_c
52119
_d
52119